000 00528nam a2200193Ia 4500
003 OSt
005 20201006111224.0
008 190216s9999||||xx |||||||||||||| ||und||
020 _a0333937872
040 _coclc
082 _a004
_bEAC/E
100 _aE - Academy
_95346
245 0 _aExploring Information Technology Book 10 /
_cE - Academy
250 _a1st Ed.
260 _bMacmillan India Ltd,
_c2002.
_aDelhi:
300 _a259p
650 _aPhysics
942 _cBK
_2ddc
_h004
_iEAC/E
_k004
_mEAC/E
999 _c8807
_d8807